000 01211nam a22003857a 4500
001 00260
003 DO-SdBNP
005 20180205145455.0
007 00260
008 151105b 1992 sp |||| 00| 0 spa d
020 _a8420748056
040 1 _aBPMSU
_bspa
_cBPMSU
082 _a892
_bM394t
092 _a
_b
100 1 _aMas, Dimas,
_d1953-
245 1 0 _aEl tesoro de Fermín Minar /
_bDimas Mas ; apéndice y notas Mercedes Cernícharo y Javier Quiñones ; ilustración Andrés Guerrero.
260 _aMadrid :
_bGrupo Anaya,
_c1992.
300 _a399 p. :
_bil. ;
_c21 cm.
490 1 _aTus libros
_v123
490 1 _aTu problemática
500 _aIncluye referencias bibliográficas y notas al pie de las páginas.
504 _aBibliografía : p. 399
650 _aNOVELA MARROQUÍ
650 _aLITERATURA MARROQUÍ
650 _aHISTORIAS DE AVENTURAS
700 1 _aCernícharo, Mercedes
700 1 _aQuiñones, Javier.
700 1 2 _aGuerrero, Andrés,
_eil.
830 0 _aTus libros ;
_v123
830 0 _aTu problemática
942 _2ddc
_cBK
945 _aInventariado, 2018 /LP
956 _aLOPEREZ
_b10
_c20180205
_h00041
956 _aVMATEO
_b10
_c20161121
_dBPMSU
_f0069
999 _c8554
_d8554